00718nam a2200241 a 4500001001300000003000900013005001700022008004100039020002300080082001600103100001800119245007600137260003300213300000900246500003500255505001000290650000900300700001800309902000800327942000700335952011700342999001700459nice12345678IN_TiNIC20260116014017.0050524s2003 inda grp 000 0 eng  a0143108 c29500a181.45bELL aEllis, George aBreath of Lifeb Mastering the Breathing Techniques of Pranayama and Oi aIndia bPenguin Books c2003 a184p aincludes index and biblioraphy2 aIndex aYoga1 aEllis, George bSRS cBK 001040708StackRoom-aHMIbHMId2007-03-16g295.00l0o181.45 ELLp020487r2007-03-16v295.00w2005-05-24yBK c13489d13489